| 000 | 00681cab a2200217 4500 | ||
|---|---|---|---|
| 001 | WB3045-57 | ||
| 008 | 090401t1994 xxu||||| |||| 00| 0 eng d | ||
| 035 | _a(Sirsi) u16597 | ||
| 041 | _aeng | ||
| 245 | _aGiant masts on march | ||
| 260 | _c1994 | ||
| 350 | _a0 | ||
| 490 |
_aTimes _v2 December 1994, 37(1) |
||
| 520 | _aThe British landscape is under threat from a tide of telecommunications masts being installed to back the boom in mobile phones according to environmentalists. | ||
| 650 | _aMOBILE PHONES | ||
| 650 | _aTELECOMMUNICATION MASTS | ||
| 690 | _aPLANNING LAW AND PRACTICE | ||
| 690 | _aTRANSPORT AND COMMUNICATIONS | ||
| 942 | _n0 | ||
| 948 | _c04/03/1997 | ||
| 999 |
_c10948 _d10948 |
||